Per la storia romana della provincia di Pesaro e Urbino

Uloženo v:
Podrobná bibliografie
Hlavní autor: Agnati, Ulrico (Autor)
Médium: Kniha
Jazyk:italština
Vydáno: Roma L'erma di Bretschneider 1999
Vydání:1a. ed
Edice:Genti E Province D'Italia, 1
Témata:
Tagy: Přidat tag
Žádné tagy, Buďte první, kdo vytvoří štítek k tomuto záznamu!

MARC

LEADER 00000cam a2200000 a 4500
001 UCD8727
003 CL-VaPUC
008 170519e19990000it |||||||||||||||||ita|d
020 |a 8882650707 
082 0 4 |a 937  |b AGN  |2 21 
100 0 |a Agnati, Ulrico  |e author  |9 592207 
245 1 0 |a Per la storia romana della provincia di Pesaro e Urbino 
250 |a 1a. ed 
300 |a 682 p 
942 |c BK 
945 |d 20170519 15:42:00  |a arojas 
260 |a Roma  |b L'erma di Bretschneider  |c 1999 
650 0 |a Historia antigua  |9 267521 
650 0 |a Historia de Roma   |9 315349 
583 |a last modification  |c 20170519 15:42:00  |k Rodrigo Vera 
490 0 |a Genti E Province D'Italia, 1 
999 |c 368036  |d 368034 
952 |0 0  |1 0  |3 erb  |4 0  |6 937_000000000000000_AGN_1999  |7 0  |8 A  |9 483286  |a FDOLAF  |b FDOLAF  |e Laffi, Umberto, 1939-  |i 5391725  |o 937 AGN 1999  |p 5391725  |r 2024-01-30  |w 2019-11-24  |y BK  |z Catalogado en:20170519  |k LAF